| 000 | 00542nam a2200133 a 4500 | ||
|---|---|---|---|
| 008 | 090218s2007 ||||||||||||||||| || u | ||
| 050 | _aTHESIS/STUDENT | ||
| 100 | _aKabaso, Bernard | ||
| 245 | 1 | 0 | _aGeoreferencing part of Kitwe (Riverside) street map |
| 260 |
_aKitwe _bCopperbelt University, School of Business, Mining Department _c2007 |
||
| 350 | _a0.00 | ||
| 650 | _aMINING | ||
| 995 |
_D0.00 _FCBU-MAIN LIBRARY (Kitwe) _H1 _I0.00 _M1 _UAVAILABLE _WFeb 18, 2009 _ZUniversity Collection |
||
| 999 |
_c44517 _d44517 |
||